00554nam a22001697a 450000500170000001000150001702000260003203500140005803700130007208200170008510000170010224501100011926000420022927000410027130000220031250000500033420170721144047.0 aENG-119278 a9788180642180c250.00 aEN-102810 bDBAD/PUB a320.42095414 aHore,Bratati aWomen participation in communist frontal movements :cby Bratati Horeba case study of Bengal 1942-1947 / bProgressive PublishersaKolkatac2016 a37A,College Street bKolkatae700073 a328p. c22cm (Hb) aIncludes bibliographical references and index